FORAC MOD I: a computer program for forecast evaluation statistics /

Bibliographic Details
Main Author: Bond, Richard O.
Corporate Author: Marketing Science Institute
Other Authors: Montgomery, David B. (David Bruce)
Format: Book
Language:English
Published: Cambridge, Mass. : Marketing Science Institute, 1970.
Series:Technical report (Marketing Science Institute. Research Program)
Subjects:

MARC

Tag First Indicator Second Indicator Subfields
LEADER 00000cam a2200000 4500
001 in00000063893
005 20151008050702.0
008 721128s1970 maua b 00010 eng d
035 |a (OCoLC)00502300 
035 |9 AAG2614AM 
040 |c DAY  |d TXA  |d UtOrBLW 
049 |a TXAM  |c [930637] 
090 |a HB3730  |b .B65 
100 1 |a Bond, Richard O. 
245 1 0 |a FORAC MOD I: a computer program for forecast evaluation statistics /  |c [by] Richard O. Bond and David B. Montgomery. 
264 1 |a Cambridge, Mass. :  |b Marketing Science Institute,  |c 1970. 
300 |a 19 pages :  |b illustrations ;  |c 29 cm. 
336 |a text  |b txt  |2 rdacontent 
337 |a unmediated  |b n  |2 rdamedia 
338 |a volume  |b nc  |2 rdacarrier 
490 1 |a Marketing Science Institute. Research Program. Technical report 
504 |a Bibliography: page 8. 
650 0 |a Economic forecasting  |x Mathematical models. 
630 0 0 |a FORAC MOD I (Computer program) 
700 1 |a Montgomery, David B.  |q (David Bruce) 
710 2 |a Marketing Science Institute. 
830 0 |a Technical report (Marketing Science Institute. Research Program) 
999 |a MARS 
999 f f |s 7a72d3c3-c060-392f-b948-2202c703b93c  |i 195ecfa7-cb00-3251-a84f-7cb15d8ec649  |t 0 
952 f f |p ric  |a Texas A&M University  |b Rellis Campus  |c Joint Library Facility  |d Remote Storage  |t 0  |e HB3730 .B65  |h Library of Congress classification  |i unmediated -- volume  |m A14802556208 
998 f f |a HB3730 .B65  |t 0  |l Remote Storage